000 00769nam a2200205Ia 4500
003 GCL
008 140319s9999 xx 000 0 ara d
040 _aGCL /
_cGCL
082 0 4 _a720.2
_bش ح
100 1 _aشيرين احسان شيرزاد
245 1 0 _aالحركات المعمارية الحديثة :
_bالاسلوب العالمى في العمارة /
_cشيرين احسان شيرزاد
260 _aبيروت :
_bالمؤسسة العربية للدراسات والنشر ،
_c1999
300 _a632 ص ؛
_c22 سم
490 _a
650 0 4 _aالعمارة الحديثة
650 0 4 _aالعمارة الحديثة - فرنسا
650 0 4 _aالباوهاوس
650 0 4 _aالعمارة الحديثة - أمريكا
942 _2ddc
_cBK
999 _c55755
_d55755